000 00716nam a2200205Ia 4500
005 20260121110226.0
008 008 260114s9999 xx 000 0 hin d
020 _a9788132361084
037 _aEBOOK
040 _aCRL
_bhin
_cCRL
041 _ahin
_2hin
084 _qCRL
100 _aहरिहर प्रसाद / Harihar Prasad
_9943578
245 0 _aभारतीय संविधान एवं उसकी अनुसूचियां / Bhartiya Samvidhan Aur Uski Anusoochiyan
260 _bभाषा प्रकाशन / Bhasha Prakashan
_c2021
856 _uhttps://bhashaprakashan.com/product-details/379059
942 _cEBOOK
999 _c1535243
_d1535243